| 000 | 00361nam a2200133Ia 4500 | ||
|---|---|---|---|
| 008 | 240624s9999 xx 000 0 und d | ||
| 041 | _aeng | ||
| 082 | _a025 HAL | ||
| 100 | _aHALL ELLIS SYLVIA | ||
| 245 | _aLIBRARIAN S HANDBOOK FOR SEEKING WRITING | ||
| 260 |
_c2011 _aCalifornia _bLibraries Unlimited |
||
| 300 | _axvi, : 313 : p. : cm. ; 23 | ||
| 365 |
_c _b30 |
||
| 999 |
_c26967 _d26967 |
||